[Event "UKR-ch"]
[Site "Ordzhonikidze"]
[Date "2001.09.16"]
[Round "9"]
[White "Neverov, Valeriy"]
[Black "Brodsky, Michail"]
[Result "0-1"]
[WhiteElo "2564"]
[BlackElo "2528"]
[Annotator "Finkel,A"]
[PlyCount "92"]
[EventDate "2001.09.08"]
[EventType "swiss"]
[EventRounds "9"]
[EventCountry "UKR"]
[SourceTitle "CBM 086"]
[Source "ChessBase"]
[SourceDate "2002.02.05"]
[SourceVersion "1"]
[SourceVersionDate "2002.02.05"]
[SourceQuality "1"]

1. d4 {Hecht} Nf6 2. c4 e6 3. Nf3 b6 4. e3 Bb7 5. Bd3 d5 6. cxd5 exd5 7. O-O
Bd6 (7... Be7 8. b4 O-O 9. Qb3 c6 10. a4 a5 11. bxa5 (11. b5 c5 12. Qc2 $13)
11... Rxa5 12. Ba3 Nbd7 13. Nbd2 Bxa3 14. Qxa3 Ra7 15. Bc2 Re8 $13) (7... Nbd7
8. b3 Bd6) 8. b3 $5 {Intending to develop the bishop to a3.} (8. Nc3 O-O (8...
a6 9. b3 O-O 10. Bb2 Nbd7 11. Rc1 Re8 12. Ne2 Ne4 13. Qc2 c5 14. Ng3 Rc8 15.
Qe2 $14) 9. b3 Nbd7 10. Bb2 c5 11. Rc1 Qe7 12. Bf5 Rad8 13. Qd3 a6 14. Rfd1
Rfe8 15. Qf1 Bb8 $13) (8. b4 O-O 9. Qb3 Qe7 10. b5 a6 11. Nc3 axb5 12. Nxb5
Nbd7 13. a4 c5 14. Ba3 Ba6 $11) 8... O-O (8... Qe7 $5 9. Nc3 a6 10. Bb2 Nbd7
11. Rc1 O-O 12. Rc2 Ne4 13. Re1 f5 14. g3 g5 $36) 9. Ba3 c5 10. Nc3 Nbd7 11.
Rc1 Re8 (11... Qe7 12. Qe2 {[%cal Gd3a6]} Rad8 13. Rfd1 Ne4 14. Ba6 $2 Ba8 15.
dxc5 (15. Bb2) 15... Nxc3 16. Rxc3 bxc5 $13) 12. Qe2 $5 (12. Rc2 Ne4 13. dxc5
Ndxc5 14. Nb5 Bf8 15. Be2 a6 16. Nbd4 Nxb3 $15 {Dymerski,H-Siekanski,J/
Naleczow 1989/EXT 97}) 12... Ne4 13. Ba6 {[%csl Rd5] White has to get rid of
this "bad' bishop in order to ut some pressure on d5.} Qc8 (13... Nxc3 14. Rxc3
Bxa6 15. Qxa6 Qf6 16. Rfc1 $14) 14. Bxb7 Qxb7 15. Bb2 ({Deserved attention} 15.
dxc5 $5 bxc5 (15... Ndxc5 16. Bb2 Nxc3 17. Bxc3 Ne4 18. Rfd1 Bc5 19. Rd3 $14)
16. Nxe4 dxe4 17. Nd2 $14 {with better chanses.}) 15... Ndf6 16. Rfd1 Rac8 (
16... Rad8 17. dxc5 bxc5 $13) 17. dxc5 Bxc5 18. Nxe4 Nxe4 (18... dxe4 19. Nh4
Qe7 20. Nf5 Qe6 21. Nd4 Qe7 22. Qa6 $14) 19. Rd3 Qa6 20. Rcd1 Bb4 21. h4 $2 {
Blundering an exchange.} f6 $2 {Refusingg to take a generous gift!} (21... Nc5
$1 22. Ng5 (22. a3 Nxd3 23. Qxd3 (23. axb4 Nxb4 $19) 23... Qxd3 24. Rxd3 Be7
25. Rxd5 Rc2 $17) 22... f6 (22... Nxd3 $2 23. Qh5 Nxb2 24. Qxf7+ Kh8 25. Qf5
Kg8 26. Qxd5+ Kh8 27. Nf7+ Kg8 28. Nh6+ Kh8 29. Qg8+ Rxg8 30. Nf7#) 23. Qh5
fxg5 24. Qxg5 Ne6 $19) 22. Nd4 $2 Nc5 $19 {[%cal Ga6e2] Black decides to win
an exchange after all.} 23. Nf5 Nxd3 24. Qg4 Rc7 $5 (24... g6 25. Nh6+ Kg7 26.
Nf5+ Kf8 (26... Kg8 27. Nh6+ Kg7 28. Nf5+) 27. Qd4 $1 {[%csl Rf6]} Re5 28. Rxd3
Rxf5 29. Qxb4+ Kg8 $17) 25. Bxf6 Ne5 $2 {[%csl Rb4]} ({After simple} 25... Bf8
$19 {black would remain with a rook up with no real compensation for white.})
26. Nh6+ $1 Kh8 27. Bxe5 Rxe5 28. Qxb4 {[%csl Rf8] Now it's a new game!} Re8
$15 29. Qf4 Rce7 30. Nf5 Rf7 31. Rxd5 $2 {Giving up very important a-pawn is
serious mistake.} (31. a4) 31... Qxa2 32. Qe5 Ref8 33. e4 (33. b4 Qb1+ 34. Kh2
Rxf5 $19) 33... Qxb3 34. h5 h6 35. Rd6 Rxf5 $1 {The simplest way to win the
game.} 36. exf5 Qb1+ 37. Kh2 Qxf5 38. Rxh6+ Kg8 39. Qe6+ (39. Qxf5 Rxf5 40. Rd6
Rxh5+ 41. Kg3 Ra5 $19) 39... Qxe6 40. Rxe6 Ra8 $1 {[%cal Gb6b1,Ga7a1]} 41. Kg3
b5 42. Ra6 {'?' Hecht. Hecht: 'sehr schlechte Turmstellung!'} (42. Kf3 b4 43.
Ke3 a5 44. Kd3 a4 45. Kc2 b3+ 46. Kb1 a3 $19) (42. Re7 $1 {Hecht: kontrolliert
die Bauern viel besser und dazu den schwarzen König.} b4 43. Rb7 a5 44. Kf4 (
44. Rb5 $5 {Hecht} Kf7 45. Kf4 Ke6 $13 {erlaubt die Königsaktivierung mit
unbestimmtem Ausgang}) 44... Rc8 45. g4 Rc4+ 46. Kf5 a4 47. g5 Rc5+ (47... b3
$2 {Hecht} 48. Rb8+ Kf7 49. g6+ Ke7 50. h6 $18) 48. Kg6 Rc6+ 49. Kf5 Rc5+ $11)
42... b4 43. Kf3 (43. Ra5 {Hecht} a6 $1) 43... b3 44. Ra1 a5 45. Ke3 a4 46. Kd3
b2 0-1

[Event "GER-ch 74th"]
[Site "Saarbruecken"]
[Date "2002.11.23"]
[Round "2"]
[White "Jussupow, Artur"]
[Black "Kersten, Uwe"]
[Result "1-0"]
[WhiteElo "2622"]
[BlackElo "2331"]
[Annotator "Finkel,A"]
[PlyCount "59"]
[EventDate "2002.11.22"]
[EventType "swiss"]
[EventRounds "9"]
[EventCountry "GER"]
[SourceTitle "CBM 093"]
[Source "ChessBase"]
[SourceDate "2003.04.01"]
[SourceVersion "1"]
[SourceVersionDate "2003.04.01"]
[SourceQuality "1"]

1. d4 Nf6 2. Nf3 e6 3. e3 c5 4. Bd3 b6 5. O-O Bb7 6. c4 g6 $5 {Interesting
line leading to complicated struggle with mutual chances.} 7. Nc3 Bg7 8. d5
exd5 9. cxd5 Nxd5 10. Nxd5 Bxd5 11. Bxg6 hxg6 12. Qxd5 Nc6 13. e4 (13. Ng5 $6
Qe7 14. f4 Rh5 15. Qc4 Bf6 16. Ne4 O-O-O 17. Qxf7 Qxe4 18. Qxf6 Rdh8 $40 {
Hansen,S-Motwani,P/Gausdal 1992}) 13... Qe7 (13... Qf6 14. Re1 (14. Ng5 Rd8 15.
Bd2 O-O 16. Bc3 Nd4 17. Kh1 Qc6 18. Qxc6 dxc6 19. f4 Bh6 20. Nh3 Rfe8 21. e5
Rd5 22. g3 $14 {Muse,M-Adams,M/Germany 2000}) 14... Rh5 15. Bg5 Qe6 16. Re2 Rc8
17. Qd2 Ne5 18. Nxe5 Bxe5 19. h3 Rc6 20. Be3 Rd6 21. Qc2 Bd4 $13 {Doettling,
F-Gruenberg,H/Germany 1999}) (13... Rh5 14. Bg5 Bf6 (14... Qc7 15. Rad1 Kf8 16.
g4 $6 Rh8 17. Kg2 Re8 18. h3 Bxb2 19. Rfe1 Kg7 20. Re2 Bd4 21. Rc1 f6 22. Bd2
Be5 $17 {Gausel,E-Hansen,S/Reykjavik 2000}) 15. h4 Qe7 16. g3 O-O-O 17. Bxf6
Qxf6 18. Ng5 Rf8 19. Rad1 $14 {Gausel,E-Andersson,U/Sweden 1999}) 14. Bf4 {
Bringing the bishop to d6.} (14. Bg5 Qe6 15. Qd2 Ne5 16. Nxe5 Qxe5 17. Bf4 Qxb2
18. Qd5 O-O 19. Rad1 Qf6 20. Bd6 Rfe8 21. e5 Qe6 22. Qb7 $44 {Danner,G-Stohl,I/
Leon 2001}) 14... Bxb2 $146 {This move appears to be a novelty, however it's
not so easy assess it because black makes serious mistake just on the next move
} (14... Qe6 15. Ng5 Qf6 (15... Qxd5 16. exd5 Ne5 17. Rae1 d6 18. Bxe5 dxe5 19.
f4 Rd8 20. fxe5 Rxd5 21. Nxf7 Rf8 $11 {Jussupow,A-Adams,M/Dortmund 1998}) 16.
Bd6 Rh5 17. f4 Qd4+ 18. Kh1 O-O-O 19. Rad1 Rdh8 20. h3 Qxd5 21. exd5 Nd8 $13 {
Lukacs,P-Cao Sang/Budapest 1996}) (14... O-O-O 15. Rad1 Rh5 16. Qc4 Kb7 17. Rd3
g5 18. Qd5 Bf6 19. Rfd1 Qe6 20. Qxe6 dxe6 21. Rxd8 Bxd8 22. g4 $16 {Akselrod,
V-Logunov,M/Tomsk 2002}) 15. Rad1 Rd8 $6 {[%csl Re8] After this move black
king is too vulnerable on e8.} (15... Qe6 $5 16. Rfe1 Bf6 17. Ng5 Bxg5 18. Bxg5
O-O 19. Qxd7 Nd4 20. Qxe6 fxe6 $13) 16. Bd6 $1 Qf6 (16... Qe6 $6 17. Ng5 Qxd5
$2 (17... Qf6 18. f4 $36) 18. exd5 Ne5 19. f4 f6 20. fxe5 fxg5 21. Rf6 $18 {
[%csl Re8]}) 17. e5 Qf5 (17... Qe6 18. Qd2 Bd4 19. Rfe1 $40 {[%cal Gf3g5,Gg5e4,
Ge4f6]}) 18. Rfe1 Bc3 19. Re3 Bd4 20. Nxd4 Nxd4 21. h3 $1 {Black has no chance
to get his king out of the center that's why white's chances are clearly
better.} Qe6 (21... Nc2 22. Rf3 Qe6 23. Qe4 Nd4 24. Rxd4 cxd4 25. Qxd4 $44) 22.
Rxd4 $5 cxd4 23. Qxd4 g5 $2 {Hpoing to bring the rook into play via h4, but it
proves to be impossible after white's next move.} (23... Rc8 $5) 24. Rg3 Qf5 (
24... Rh4 $2 25. Qxh4 $18) (24... f6 25. exf6 Kf7 26. Re3 Qxf6 27. Be5 Qh6 28.
Rf3+ Kg8 29. Bxh8 Qxh8 30. Qd5+ Kh7 31. Qxg5 $18) (24... Rg8 $8 25. Qh4 Qg6 26.
Qa4 $16) 25. e6 $1 f6 26. Rf3 Rh4 27. Qd1 $1 $18 {[%cal Gd1h5]} Qg6 (27... Qxe6
28. Re3 Re4 29. Qh5+ Qf7 30. Rxe4#) 28. Qd5 Qe4 (28... Re4 29. exd7+ Rxd7 30.
Rxf6 Re1+ 31. Kh2 Qg7 32. Qa8+ Rd8 33. Qc6+ Rd7 34. Rf8+) 29. Rxf6 $1 Qxd5 30.
Rf8# 1-0

[Event "GER-ch 76th"]
[Site "Altenkirchen"]
[Date "2005.02.26"]
[Round "9"]
[White "Prusikin, Michael"]
[Black "Sprenger, Jan Michael"]
[Result "1/2-1/2"]
[WhiteElo "2540"]
[BlackElo "2491"]
[Annotator "Finkel,A"]
[PlyCount "69"]
[EventDate "2005.02.18"]
[EventType "swiss"]
[EventRounds "9"]
[EventCountry "GER"]
[SourceTitle "CBM 106"]
[Source "ChessBase"]
[SourceDate "2005.06.06"]
[SourceVersion "1"]
[SourceVersionDate "2005.06.06"]
[SourceQuality "1"]

1. d4 Nf6 2. Nf3 e6 3. e3 b6 4. Bd3 Bb7 5. O-O c5 6. c4 Be7 7. Nc3 cxd4 8. exd4
d5 9. cxd5 Nxd5 10. Ne5 O-O 11. Qh5 Nf6 12. Qh4 Ne4 13. Qh3 (13. Qg4 Nf6 14.
Qh4 Ne4 15. Qg4 {1/2-1/2 Huebner,R-Sosonko,G/Bad Lauterberg 1977/EXT 2002 (15)}
) (13. Qf4 Nxc3 14. bxc3 Nd7 15. Nf3 Rc8 16. Bd2 Qc7 17. Qe3 Bd5 18. Rfe1 Qb7
$15 {Franco Ocampos,Z-Adla,D/Zaragoza 1995}) 13... Qxd4 14. Nxf7 {This
spectacular move leads to a draw almost by force. If white intends to play for
a win he's got to take risk and play 14.Bf4 with very unclear consequances.} (
14. Bf4 Nf6 15. Ne2 (15. Bg3 Nc6 16. Rae1 Nxe5 17. Bxe5 Qg4 18. Bxh7+ Kh8 19.
Qxg4 Nxg4 20. Be4 Bxe4 21. Rxe4 Nxe5 22. Rxe5 Bf6 $15 {Lukacs,P-Postny,E/
Budapest 2000}) 15... Qa4 (15... Qd8 16. Rfd1 Bd5 17. Bg5 g6 18. Bh6 Nbd7 19.
Nxd7 Qxd7 20. Bxf8 Bxf8 21. Nc3 $14 {Prusikin,M-Naumkin,I/Germany 2000}) 16. b3
(16. Rac1 Ba6 17. Nc4 Rd8 18. Bc7 Rc8 19. Be5 Nbd7 20. b3 Qb4 21. a3 Qc5 22. b4
Qd5 23. Nf4 $36 {Chatalbashev,B-Kristjansson,S/Plovdiv 2003}) 16... Qe8 17. Bg5
Ne4 18. Bf4 f5 19. Bc4 Bc5 20. b4 b5 $132 {1/2-1/2 Khalifman,A-Lobron,E/
Groningen 1993/CBM 039 (20)}) 14... Rxf7 15. Bxe4 Bxe4 16. Qg4 {White wins
back a piece, but he can't escape a trade of the queens.} Nc6 (16... Nd7 17.
Be3 Nf6 18. Bxd4 Nxg4 19. Nxe4 Rf4 20. Rfe1 e5 21. Bc3 $14 {Claesen,P-Van de
Berkmortel,T/Belgium 2000}) 17. Qxe4 (17. Nxe4 Ne5 18. Qe2 Qd3 19. Qxd3 Nxd3
20. b3 (20. Rd1 $2 Nxf2 21. Nxf2 Bc5 $19) 20... Rc8 21. Be3 Rf5 $11) 17... Qxe4
18. Nxe4 Nb4 {Strangely enough the knight is heading for c5 and not for d5!} (
18... Rc8 19. Be3 Nb4 20. Rfc1 Rff8 21. a4 Nc2 {1/2-1/2 Gausel,E-Womacka,M/
Gausdal 2003/EXT 2004 (21)}) 19. Bd2 (19. b3 Rc8 20. Bd2 Nd3 21. Rad1 Rc2 22.
Be3 Nc5 $11) 19... Nd3 $1 20. Bc3 Nc5 21. Rae1 (21. Ng3 Na4 22. Be5 Bf6 23.
Bxf6 gxf6 $11) 21... Nxe4 22. Rxe4 Bf6 23. Bxf6 (23. Rxe6 Bxc3 24. bxc3 Rc7 25.
Rc1 Rac8 26. Re3 b5 $11 {[%cal Gb5b4]}) 23... Rxf6 24. Rc1 Rd8 25. Kf1 Kf8 26.
Ke2 Ke7 27. Rg4 (27. Rc7+ Rd7 28. Rxd7+ Kxd7 29. Rh4 h6 30. Ke3 Rf5 $11) 27...
g6 28. Rh4 h5 29. Rc7+ Rd7 30. Rxd7+ Kxd7 31. Rd4+ Ke7 32. Rc4 Kd7 33. Rd4+ Ke7
34. Rc4 Kd7 35. Rd4+ 1/2-1/2

[Event "Budapest FS12 GM-A"]
[Site "Budapest"]
[Date "2001.12.06"]
[Round "6"]
[White "Czebe, Attila"]
[Black "Koneru, Humpy"]
[Result "1-0"]
[WhiteElo "2491"]
[BlackElo "2484"]
[Annotator "Finkel,A"]
[PlyCount "61"]
[EventDate "2001.11.01"]
[EventType "tourn"]
[EventRounds "13"]
[EventCountry "HUN"]
[EventCategory "10"]
[SourceTitle "CBM 087"]
[Source "ChessBase"]
[SourceDate "2002.03.21"]
[SourceVersion "1"]
[SourceVersionDate "2002.03.21"]
[SourceQuality "1"]

1. Nf3 Nf6 2. d4 e6 3. e3 b6 4. Bd3 Bb7 5. O-O Be7 6. b3 {This variation has
become extremly popular during the last couple of years.} O-O 7. Bb2 c5 8. c4
cxd4 9. exd4 d5 10. Nc3 Nc6 11. Rc1 Rc8 12. Qe2 Nb4 $5 {Immedeatly attacking
white's center} (12... Re8 13. Rfd1 Bf8 14. h3 g6 15. Bb1 (15. Qe3 Bg7 16. Bf1
Ne7 17. g4 dxc4 18. bxc4 Bxf3 19. Qxf3 $14 {Franco Ocampos,Z-Adla,D/ARG 1992/
EXT 97}) 15... Bh6 16. Nd2 dxc4 17. bxc4 Nxd4 18. Qe1 e5 $17 {Polgar,Z-Hansen,
L/Aabenraa 1989/EXT 97}) 13. Bb1 dxc4 (13... Re8 14. Ne5 Bf8 15. Rfd1 g6 16.
Qe3 Nc6 17. h3 dxc4 18. bxc4 Na5 19. Bd3 $14 {Gerber,R-Goldin,A/Geneve 1999/
CBM 68}) 14. bxc4 Bxf3 {[%csl Rc4]} (14... Ba6 15. Ne4 Nbd5 16. Nxf6+ Nxf6 17.
Ne5 Bb7 18. Rfd1 Re8 19. Rc3 Bf8 20. Bc2 $14 {Langeweg,K-Bobotsov,M/Beverwijk
1966/MCD}) 15. Qxf3 $2 {After this move white's compensation is hardly enough
to keep the balance,so better was} (15. gxf3 Bd6 (15... Re8 16. Ne4 Nc6 17.
Rfd1 Nxe4 18. Qxe4 g6 19. d5 exd5 20. cxd5 Bd6 21. Qg4 Ne5 22. Rxc8 Qxc8 23.
Qxc8 Rxc8 {1/2-1/2 Filip,M-Golombek,H/Helsinki 1952/MCD (23)}) (15... Qc7 16.
Ne4 Qf4 17. Kh1 Rfd8 18. Rg1 Nc6 $13 {Galic,Z-Jovancic,M/Caorle 1989/EXT 2000})
(15... Qxd4 16. Ne4 Qd8 17. Rfd1 Qc7 18. Nxf6+ Bxf6 19. Bxf6 gxf6 20. Qd2 $40 {
Mikenas,V-Rovner,D/Lvov 1951/EXT 99}) 16. Kh1 (16. Ne4 Bf4 17. a3 Nxe4 18. fxe4
Qh4 19. f3 Bxc1 20. Rxc1 Nc6 21. Kh1 e5 $1 $17 {Gil Capape,J-Milos,G/
Copenhagen 1982/EXT 2000}) 16... Nh5 17. Qe4 f5 18. Qxe6+ Kh8 $44 {Gretarsson,
H-Salmensuu,O/Reykjavik 2000/CBM 79}) 15... Rxc4 16. d5 $5 {Opening diagonal
a1-h8 for the bishop.} (16. a3 Nbd5 17. Ba2 Rc7 18. Nxd5 Nxd5 19. Rxc7 Nxc7 20.
Qc6 Nd5 21. Rc1 Bd6 22. g3 $44 {Lehto,A-Issakainen,A/FIN 1996/EXT 99}) 16...
Nbxd5 17. Rfd1 Qc8 $17 (17... Rc5 $5 18. Rd4 Qc7 19. Ne2 Rxc1+ 20. Nxc1 Rc8 21.
Ne2 Bd6 $17 {Aguera Naredo,J-Toledo Lopez,F/Spain 1999/EXT 2001}) 18. Ne4 Rxc1
19. Rxc1 Qd7 20. Qg3 Rc8 21. Re1 Qb5 ({May be even better was} 21... Qc7 $5 22.
Be5 Qc1 23. Kf1 Qh6 $19 {taking care of g7.}) 22. Qe5 Qd7 23. Bd3 Bf8 24. h3
Nxe4 $6 {There was no need to give back a pawn, even at cost of exchange of
queens. White's initiative is not dangerous at all, so black had nothing to
worry about.} 25. Qxe4 f5 ({Nothing changes} 25... g6 26. Qe5 f6 27. Qxe6+ Qxe6
28. Rxe6 Kf7 29. Re4 $17 {and white has some drawing chanses.}) 26. Qxe6+ Qxe6
27. Rxe6 g6 28. g3 Nb4 ({After} 28... Kf7 29. Re2 Bg7 30. Bxg7 Kxg7 31. Re5 Rc5
$17 {it's hard to believe that white would hold this endgame.}) 29. Bb5 Rc2 $6
30. Re2 Rxe2 $4 {[%csl Rg8]} (30... Bg7 $5 $17) 31. Bc4+ 1-0

[Event "FIDE-Wch k.o."]
[Site "Tripoli"]
[Date "2004.07.04"]
[Round "6.4"]
[White "Topalov, Veselin"]
[Black "Kasimdzhanov, Rustam"]
[Result "1/2-1/2"]
[WhiteElo "2737"]
[BlackElo "2652"]
[Annotator "Ftacnik,L"]
[PlyCount "89"]
[EventDate "2004.06.19"]
[EventType "k.o."]
[EventRounds "7"]
[EventCountry "LBY"]
[SourceTitle "CBM 102"]
[Source "ChessBase"]
[SourceDate "2004.09.23"]
[SourceVersion "1"]
[SourceVersionDate "2004.09.23"]
[SourceQuality "1"]

1. d4 Nf6 2. c4 e6 3. Nf3 Bb4+ 4. Nbd2 O-O 5. a3 Bxd2+ 6. Bxd2 Ne4 7. e3 b6 8.
Bd3 Bb7 9. O-O Nxd2 10. Nxd2 f5 11. Qe2 Nc6 {The position is very solid for
black, but white has small advantage and activity on the queenside.} (11... Qf6
12. b4 Nc6 13. f4 a5 14. b5 Ne7 15. Nf3 Ng6 16. Rac1 d6 17. c5 bxc5 18. dxc5
Bxf3 19. Rxf3 d5 20. Bb1 Rfb8 21. a4 {1-0 Meister,T-Oravecz,I/Bayern 1997/ (42)
}) 12. Rac1 Qf6 (12... a5 13. b3 Qf6 14. c5 $14) 13. c5 Rae8 (13... a5 14. cxb6
cxb6 15. Nc4 Qd8 16. d5 $14) 14. b4 Kh8 (14... bxc5 15. Rxc5 Rc8 16. Rfc1 $16)
15. f4 g5 (15... Rc8 16. Nf3 bxc5 17. Rxc5 $14) 16. b5 $1 Na5 {Kasimdzhanov
was surely dreaming about better future for this knight, but at least black is
not losing a pawn.} (16... Ne7 17. cxb6 cxb6 18. Rc7 Bd5 19. Rxd7 gxf4 20. Rxf4
$16) 17. fxg5 Qxg5 18. Nf3 Qg7 (18... Bxf3 19. Rxf3 bxc5 20. Rxc5 $16) 19. cxb6
cxb6 20. Rc7 Rc8 21. Rfc1 (21. Rxc8 Rxc8 22. Qb2 Nc4 $14) 21... Rxc7 22. Rxc7
Rc8 23. Rxc8+ Bxc8 24. e4 $1 Bb7 (24... fxe4 25. Bxe4 Bb7 26. Bxb7 Nxb7 27. Qc2
$16) 25. h3 (25. exf5 Bxf3 26. Qxf3 Qxd4+ 27. Kh1 Qa1+ 28. Bf1 Kg7 29. Qd3 exf5
30. Qxd7+ Kg6 31. Qe6+ $14) 25... d6 26. Qc2 (26. exf5 Bxf3 27. Qxf3 Qxd4+ 28.
Kh1 Qa1+ 29. Kh2 Qe5+ 30. g3 Qb2+ $14) 26... Qf6 27. Kf2 fxe4 28. Bxe4 Bxe4 29.
Qxe4 {[%mdl 4096] Topalov was very carefully avoiding endgames, that were
better but may be not sufficiently so. Black is suffering due to his
misserable knight on a5.} Kg7 (29... Qe7 30. g4 $14) 30. Qc2 Qf7 31. Ke2 h6 (
31... e5 32. dxe5 dxe5 33. Qd3 Nc4 34. Ng5 Qh5+ 35. g4 Qxg5 36. Qxc4 $14) 32.
a4 Qb7 33. g4 (33. Ke1 Qe7 34. Qc3 Nb7 35. g4 $14) 33... Qf7 34. Qc3 Kh7 (34...
Qb7 35. h4 Qf7 (35... Qe4+ 36. Kf2 Qxg4 37. Qc7+ Kg6 38. Qxd6) 36. g5 $16) 35.
h4 Kg7 36. h5 (36. g5 hxg5 37. hxg5 Qb7 38. Ke3 Qf7 39. Qd3 $14) 36... Kg8 37.
Qc1 e5 $6 {The defender is opting for the desperate trick in a difficult
position.} (37... Kh7 38. g5 Qxh5 39. Qc7+ Kg6 40. gxh6 Kxh6 41. Qxd6 $16) 38.
Qxh6 (38. dxe5 dxe5 39. Nxe5 Qa2+ 40. Ke3 Qb3+ 41. Kf2 $18) 38... e4 39. Ng5 $2
{Topalov is missing a chance to keep the lid on a5 knight a winning with his
strong g and h pawns.} (39. Nd2 $1 d5 40. Ke1 Qe7 41. Qg6+ Kh8 42. g5 $18)
39... Qa2+ 40. Ke3 (40. Kf1 Qc4+ 41. Kf2 Qxd4+ 42. Kg3 Qe3+ 43. Kh4 Qf2+ $11)
40... Nc4+ 41. Kxe4 (41. Kf4 Qf2+ 42. Kxe4 Qg2+) 41... Qg2+ 42. Kf4 (42. Kd3
Nb2+ 43. Kc3 Nd1+ 44. Kb4 Qd2+ 45. Kc4 Qa2+ $11) (42. Nf3 $5 Qxg4+ (42... Qe2+
43. Kd5 Ne3+ 44. Kxd6 Qxf3 45. Qe6+ Kh7 46. Qg6+ Kh8 47. g5 $16) 43. Kd5 Qxf3+
44. Kxc4 d5+ 45. Kb4 Qg4 $14) 42... Qf2+ 43. Ke4 (43. Nf3 $4 Qe3+ $19) 43...
Qg2+ 44. Kf4 Qf2+ 45. Ke4 1/2-1/2

[Event "EU-ch 4th"]
[Site "Istanbul"]
[Date "2003.06.02"]
[Round "4"]
[White "Palo, Davor"]
[Black "Rozentalis, Eduardas"]
[Result "0-1"]
[WhiteElo "2483"]
[BlackElo "2586"]
[Annotator "Ftacnik,L"]
[PlyCount "88"]
[EventDate "2003.05.30"]
[EventType "swiss"]
[EventRounds "13"]
[EventCountry "TUR"]
[SourceTitle "CBM 096"]
[Source "ChessBase"]
[SourceDate "2003.09.25"]
[SourceVersion "1"]
[SourceVersionDate "2003.09.25"]
[SourceQuality "1"]

1. d4 Nf6 2. c4 e6 3. Nf3 Bb4+ 4. Nbd2 O-O 5. a3 Bxd2+ 6. Qxd2 d6 7. b3 b6 8.
e3 Bb7 9. Be2 Nbd7 10. Bb2 Qe7 11. O-O Ne4 12. Qc2 f5 13. Ne1 Qg5 (13... Rae8
14. f3 Ng5 15. Nd3 e5 16. dxe5 dxe5 17. Nf2 Ne6 18. Rfe1 c5 19. Rad1 Rf7 20.
Qd2 Qg5 21. Nh3 Qg6 22. Qc3 f4 23. exf4 Nd4 24. Qe3 Rfe7 {0-1 Kozul,Z-Cebalo,M/
Portoroz 1994/ (73)}) (13... c5 14. f3 Nef6 15. Nd3 Rac8 16. dxc5 bxc5 17. Rfd1
e5 (17... Nb6 18. Nf2 Ne8 19. e4 fxe4 20. Nxe4 d5 21. Ng3 {1-0 Ortega,L-Drasko,
M/Arco 2001/ (37)}) 18. Nf2 Ne8 19. b4 Rf6 20. b5 Nf8 21. f4 Ng6 22. g3 Ba8 23.
Bf1 Nh4 24. Rd5 Bxd5 25. cxd5 Ng6 26. Bh3 Rb8 {1/2-1/2 Kozul,Z-Hulak,K/Pula
1995/ (54)}) (13... Rf6 14. f3 Ng5 15. Nd3 Rff8 16. Nf2 Rad8 17. Rae1 Nf7 18.
Bd3 c5 19. e4 fxe4 20. Nxe4 cxd4 21. Bxd4 Nfe5 22. Be2 {1-0 Sirigos,N-Angelis,
M/Chania 1995/ (40)}) 14. Qc1 (14. Bc1 Rae8 (14... Qh4 15. f3 Ng5 16. Bd1 Rf6
17. Qf2 Qh5 18. h4 Ne4 19. fxe4 Qxd1 20. Bb2 Qxb3 21. d5 e5 22. exf5 Nc5 {
0-1 Likavsky,T-Galianina Ryjanova,J/Zvolen 2000/ (33)}) 15. f3 Nef6 16. Nd3 e5
17. d5 c5 18. Nf2 Qg6 19. Bd2 Nh5 20. Bd3 Bc8 21. g4 e4 22. fxe4 fxg4 23. e5
Qg5 24. Bxh7+ Kh8 25. Qg6 {1-0 Mah,K-Paz Ladron de Guevara,D/Guarapuava 1995/ 
(30)}) 14... Rf6 15. f3 Qh5 16. fxe4 {The threat of Rh6 was critical for white,
so he clears the situation in the center and closes Bb7.} (16. g4 fxg4 17. fxe4
Rh6 $1 18. Rf2 Rf8 19. Nd3 (19. Rg2 Bxe4 20. Bxg4 Qf7 21. Nf3 Bxf3 22. Bxf3
Qxf3 23. Qd2 Rhf6 $17) 19... Rxf2 20. Kxf2 Qh4+ 21. Kf1 g3 22. Bf3 Bxe4 $19)
16... Qxe2 17. d5 (17. exf5 Raf8 18. d5 Rxf5 19. Nf3 exd5 20. cxd5 Bxd5 $17)
17... e5 18. exf5 (18. Rf2 Qh5 19. exf5 Rxf5 20. Qd1 Nc5 21. b4 Ne4 22. Rxf5
Qxf5 23. Nf3 Rf8 $15) 18... Nc5 (18... Raf8 19. Nf3 Qd3 $1 (19... Rxf5 20. Qd2
$11) 20. Qc3 Qxf5 21. Nd2 Qg4 $15) 19. Rf2 Qg4 (19... Qh5 20. Qc2 Raf8 21. b4
$14) 20. Qc2 (20. Qd1 Qg5 21. b4 Ne4 22. Rf3 Bc8 (22... Rxf5 23. Qd3 Rxf3 24.
Nxf3 Qg6) 23. Qe2 Bxf5 $17) 20... Raf8 21. h3 (21. b4 Ne4 22. h3 Qh4 23. Rf1
Ng3 (23... Rxf5 24. Nf3) 24. Qf2 Rxf5 25. Nf3 Rxf3 26. gxf3 Qxh3 27. Qg2 Qxg2+
28. Kxg2 Nxf1 29. Rxf1 c5 $15) 21... Qe4 $1 {[%mdl 32] Strategically excellent
solution, good pieces are much more important than a poor extra pawn.} (21...
Qg5 22. b4 Rxf5 23. Rxf5 Rxf5 24. Bc1 Qf6 25. Nf3 $14) 22. b4 Qxc2 23. Rxc2 Ne4
(23... Nb3 24. Rb1 Rxf5 25. Nd3 $14) 24. g4 g6 $1 25. Rg2 (25. fxg6 Rf1+ 26.
Kh2 R8f2+ 27. Ng2 hxg6 28. Rxf1 Rxc2 29. Ba1 Rxc4 $19) 25... gxf5 26. gxf5+ Kf7
27. Rg4 (27. Nd3 Rxf5 28. Rf1 Rxf1+ 29. Kxf1 Bc8 $17) 27... Rg8 28. Ng2 Rxg4 (
28... Ng5 29. Rxg5 $1 Rxg5 30. e4 c6 31. Rc1 a6 32. Kf2 $13) 29. hxg4 h5 30.
Rc1 {All white pieces are dislocated, so he has hard time just to find a way
to fight for equality.} (30. gxh5 Rxf5 31. a4 (31. Rf1 Rxf1+ 32. Kxf1 Nd2+ 33.
Kf2 Nxc4 34. Bc1 Bxd5 $19) (31. h6 Rf2 32. Bc3 Kg6 $17) 31... Rxh5 32. a5 b5
33. a6 Ba8 34. Rc1 Ke8 35. cxb5 Kd7 36. Rd1 Rh1+ 37. Kxh1 Nf2+ 38. Kg1 Nxd1 39.
Bc1 Bxd5 $19) 30... hxg4 31. c5 (31. Nh4 Rh6 32. Ng6 Rh3 $19) 31... Bxd5 32.
cxd6 cxd6 33. Rc7+ Ke8 34. Nf4 (34. Rg7 Rxf5 35. Rxg4 Nd2 $19) (34. Rxa7 Rxf5
35. Rg7 g3 $19) 34... exf4 (34... Bb3 35. Nh5 (35. Rxa7 Rxf5 36. Ng6 Ng5 $19)
35... Rxf5 36. Ng7+ Kd8 37. Rc3 Nxc3 38. Nxf5 Ne4 $19) 35. Bxf6 Nxf6 36. exf4 (
36. Rxa7 f3 37. Rg7 Kf8 38. Rg6 Ne4 39. Rxg4 f2+ 40. Kg2 Nf6+ $19) 36... g3 {
Black g pawn will quickly decide the battle, white must be happy not to lose
right away.} 37. Rxa7 Nh5 38. a4 Nxf4 39. Rg7 (39. a5 Nh3+ 40. Kf1 g2+ $19)
39... g2 40. Kh2 Ne2 41. Rxg2 (41. a5 g1=Q+ 42. Rxg1 Nxg1 43. Kxg1 bxa5 44.
bxa5 Be4 45. f6 Kf7 $19) 41... Bxg2 42. Kxg2 Nd4 43. a5 bxa5 44. bxa5 Nxf5 (
44... Nxf5 45. a6 Ne3+ 46. Kf3 Nd5 47. a7 Nc7 $19) 0-1